[Event "FIDE CB Open 2022"]
[Site "Ceske Budejovice"]
[Date "2022.07.08"]
[Round "8.51"]
[White "Rybacek, Martin"]
[Black "Kukacka, Ladislav"]
[Result "1-0"]
[WhiteElo "1650"]
[BlackElo "1555"]
[Annotator "NA RC"]
[PlyCount "115"]
[EventDate "2022.07.01"]
[EventType "swiss"]
[EventCountry "CZE"]
[SourceTitle "playchess.com"]
[Source "ChessBase"]
[SourceQuality "1"]

1. d4 Nf6 2. Nf3 g6 3. c4 Bg7 4. Nc3 d6 5. e4 O-O 6. Be2 e5 7. dxe5 dxe5 8. Qxd8 Rxd8 9. Bg5 c6 10. Nxe5 Re8 11. O-O-O Rxe5 12. Rd8+ Re8 13. Bxf6 Rxd8 14. Bxd8 Na6 15. Rd1 Be6 16. Bg5 Nc5 17. Be3 Bxc3 18. Bxc5 Bg7 19. b3 b6 20. Be7 Bh6+ 21. Kc2 Kg7 22. Rd8 Rxd8 23. Bxd8 Bf4 24. g3 Bd6 25. Bg5 Bc5 26. f3 Bg1 27. h4 f6 28. Bf4 Kf7 29. Kd2 Bc5 30. Be3 Bb4+ 31. Kc2 Be1 32. Bf4 Bf2 33. a3 a5 34. a4 h6 35. Kd3 Ke7 36. Be3 Bxg3 37. Bxb6 Be1 38. Be3 Bxh4 39. Bxh6 Kd6 40. Bd2 g5 41. Bxa5 f5 42. exf5 Bxf5+ 43. Kd2 Bf2 44. Bd8 Bh4 45. a5 Kd7 46. a6 Kc8 47. a7 Kb7 48. Bb6 Bg3 49. c5 Bf4+ 50. Kc3 Be5+ 51. Kb4 Bf4 52. Bc4 Bd2+ 53. Ka4 Bh3 54. b4 Bg2 55. Be2 Bh3 56. Bd3 Bd7 57. Be4 Be8 58. b5 1-0

[Event "FIDE CB Open 2022"]
[Site "Ceske Budejovice"]
[Date "2022.07.08"]
[Round "8.52"]
[White "Pisar, Tomas"]
[Black "Jodas, Daniel"]
[Result "1-0"]
[WhiteElo "1640"]
[BlackElo "1614"]
[Annotator "NA"]
[PlyCount "61"]
[EventDate "2022.07.01"]
[EventType "swiss"]
[EventCountry "CZE"]
[SourceTitle "playchess.com"]
[Source "ChessBase"]
[SourceQuality "1"]

1. d4 Nf6 2. Nf3 g6 3. g3 Bg7 4. Bg2 O-O 5. O-O d6 6. c4 Nbd7 7. Nc3 e5 8. d5 a5 9. e4 Nc5 10. Ne1 c6 11. Nd3 Nxd3 12. Qxd3 cxd5 13. Nxd5 Nxd5 14. Qxd5 Qc7 15. Rd1 Rd8 16. c5 Be6 17. cxd6 Qb6 18. Be3 Qxb2 19. Qc5 Bf8 20. Bf1 Bxd6 21. Qb6 Qc3 22. Rac1 Qb4 23. Rb1 Qa3 24. Rd3 Qxa2 25. Rbd1 a4 26. Rxd6 Rxd6 27. Qxd6 h5 28. Qxe5 Kh7 29. Bd4 Rg8 30. Bc3 a3 31. Rd8 1-0

[Event "FIDE CB Open 2022"]
[Site "Ceske Budejovice"]
[Date "2022.07.09"]
[Round "9.1"]
[White "Havelka, Josef"]
[Black "Neuman, Petr"]
[Result "1/2-1/2"]
[WhiteElo "2396"]
[BlackElo "2378"]
[Annotator "RC"]
[PlyCount "36"]
[EventDate "2022.07.01"]
[EventType "swiss"]
[EventCountry "CZE"]
[SourceTitle "playchess.com"]
[Source "ChessBase"]
[SourceQuality "1"]

1. e4 c5 2. Nf3 Nc6 3. d4 cxd4 4. Nxd4 Nf6 5. Nc3 e5 6. Ndb5 d6 7. Bg5 a6 8. Na3 b5 9. Nd5 Be7 10. Bxf6 Bxf6 11. c3 O-O 12. Nc2 Rb8 13. a4 bxa4 14. Ncb4 Nxb4 15. cxb4 Bb7 16. Rxa4 Bxd5 17. Qxd5 Qc8 18. Qd1 Rb6 1/2-1/2

[Event "FIDE CB Open 2022"]
[Site "Ceske Budejovice"]
[Date "2022.07.09"]
[Round "9.2"]
[White "Roshka, Yevgeniy"]
[Black "Kratochvil, Vit"]
[Result "1-0"]
[WhiteElo "2497"]
[BlackElo "2237"]
[Annotator "RC"]
[PlyCount "85"]
[EventDate "2022.07.01"]
[EventType "swiss"]
[EventCountry "CZE"]
[SourceTitle "playchess.com"]
[Source "ChessBase"]
[SourceQuality "1"]

1. d4 Nf6 2. c4 e6 3. Nc3 Bb4 4. e3 O-O 5. Bd2 d5 6. Nf3 Nbd7 7. Qb3 Bxc3 8. Bxc3 a5 9. Bd3 c6 10. O-O b6 11. cxd5 exd5 12. Qa4 Qc7 13. Rfc1 Ba6 14. Bf5 g6 15. Bh3 Bb5 16. Qc2 a4 17. Nd2 a3 18. b3 h5 19. f3 Rfe8 20. Re1 Nh7 21. e4 dxe4 22. fxe4 Ng5 23. Bxd7 Qxd7 24. Re3 h4 25. Rae1 Ra7 26. Ba1 f6 27. Nf3 Qg4 28. e5 f5 29. Nxg5 Qxg5 30. e6 Rh7 31. h3 Qf4 32. Qc3 Qg5 33. Re5 Qg3 34. R1e3 Qf4 35. Rf3 Qg5 36. Rxb5 cxb5 37. d5 b4 38. Qf6 Qc1+ 39. Kh2 Qc7+ 40. Be5 Qe7 41. Qxg6+ Kf8 42. Rxf5+ Rf7 43. Qg7# 1-0

[Event "FIDE CB Open 2022"]
[Site "Ceske Budejovice"]
[Date "2022.07.09"]
[Round "9.3"]
[White "Velicka, Petr"]
[Black "Sykora, Ondrej"]
[Result "1-0"]
[WhiteElo "2384"]
[BlackElo "2099"]
[Annotator "RC"]
[PlyCount "77"]
[EventDate "2022.07.01"]
[EventType "swiss"]
[EventCountry "CZE"]
[SourceTitle "playchess.com"]
[Source "ChessBase"]
[SourceQuality "1"]

1. e4 e5 2. Nf3 Nc6 3. Bb5 a6 4. Ba4 Nf6 5. O-O b5 6. Bb3 Be7 7. d4 d6 8. c3 O-O 9. h3 Re8 10. Re1 Bb7 11. Nbd2 Bf8 12. d5 Nb8 13. Nf1 c5 14. dxc6 Bxc6 15. Ng3 g6 16. Bg5 h6 17. Bxf6 Qxf6 18. Bd5 Ra7 19. Nf1 Bd7 20. Ne3 Kh7 21. Bb3 Bc6 22. Nh2 Bxe4 23. Neg4 Qd8 24. Rxe4 f5 25. Qd5 Bg7 26. Re2 fxg4 27. Nxg4 h5 28. Nh2 Qe7 29. Rd1 Bf8 30. Nf3 Nd7 31. Ng5+ Kh6 32. Nf7+ Kh7 33. Nxd6 Nf6 34. Qc6 Rd8 35. Red2 Rad7 36. Nc8 Rxd2 37. Rxd2 Qe8 38. Qxf6 Rxd2 39. Bf7 1-0

[Event "FIDE CB Open 2022"]
[Site "Ceske Budejovice"]
[Date "2022.07.09"]
[Round "9.4"]
[White "Cuhra, Martin"]
[Black "Toman, Ondrej"]
[Result "0-1"]
[WhiteElo "2225"]
[BlackElo "2276"]
[Annotator "RC"]
[PlyCount "72"]
[EventDate "2022.07.01"]
[EventType "swiss"]
[EventCountry "CZE"]
[SourceTitle "playchess.com"]
[Source "ChessBase"]
[SourceQuality "1"]

1. e4 c6 2. d4 d5 3. e5 c5 4. dxc5 e6 5. a3 Bxc5 6. Qg4 Ne7 7. Nf3 Ng6 8. Bd3 O-O 9. b4 f5 10. Qg3 Be7 11. Bb2 a5 12. b5 Nd7 13. Bd4 Bc5 14. c3 a4 15. O-O Qc7 16. Re1 Nb6 17. Nbd2 Bd7 18. Ng5 Bxd4 19. cxd4 Qc3 20. Qe3 Rac8 21. g4 Ne7 22. Ndf3 Nc4 23. Qe2 h6 24. Rec1 Qa5 25. gxf5 Nxf5 26. Bxc4 Rxc4 27. Rxc4 dxc4 28. Ne4 Qxb5 29. Nc3 Qb3 30. Qd2 Bc6 31. d5 Bxd5 32. Rb1 Qxa3 33. Nd4 Nxd4 34. Qxd4 Bc6 35. Qxc4 Qe7 36. Ne2 Qf7 0-1

[Event "FIDE CB Open 2022"]
[Site "Ceske Budejovice"]
[Date "2022.07.09"]
[Round "9.5"]
[White "Vybiral, Zdenek"]
[Black "Hrbek, Stepan"]
[Result "0-1"]
[WhiteElo "2143"]
[BlackElo "2272"]
[Annotator "RC"]
[PlyCount "114"]
[EventDate "2022.07.01"]
[EventType "swiss"]
[EventCountry "CZE"]
[SourceTitle "playchess.com"]
[Source "ChessBase"]
[SourceQuality "1"]

1. c4 e5 2. Nc3 Bb4 3. Nd5 Be7 4. Nf3 d6 5. d4 Nf6 6. Nc3 exd4 7. Nxd4 O-O 8. e4 c6 9. Be2 Re8 10. O-O Bf8 11. Qc2 g6 12. Bg5 h6 13. Bh4 Bg7 14. Rad1 Nbd7 15. f4 a5 16. Bf3 Qe7 17. Rfe1 Qf8 18. Qd2 Nh7 19. Bg3 Bf6 20. Nc2 Be7 21. Ne3 h5 22. Rf1 Qh6 23. h3 Nc5 24. Rfe1 h4 25. Bh2 f5 26. Qc2 Rf8 27. exf5 gxf5 28. Ned5 Bd8 29. Ne7+ Bxe7 30. Rxe7 Bd7 31. Kh1 Rae8 32. Rxe8 Rxe8 33. Bg1 Qxf4 34. Ne2 Qe5 35. Bh2 Qg7 36. Rxd6 Nf6 37. Bg1 Nce4 38. Rd1 c5 39. Nc3 Bc6 40. Nd5 Nxd5 41. Bxe4 Nb4 42. Bxc6 Nxc2 43. Bxe8 Nd4 44. Bh5 Qg5 45. Be8 Qe7 46. Bh5 Qh7 47. Bf3 Qe7 48. Bd5+ Kg7 49. Rd3 Qe1 50. Bf3 Qb1 51. Re3 f4 52. Re7+ Kf6 53. Rxb7 Nxf3 54. gxf3 Qf1 55. Rb3 Qxh3+ 56. Bh2 Qf1+ 57. Bg1 h3 0-1

[Event "FIDE CB Open 2022"]
[Site "Ceske Budejovice"]
[Date "2022.07.09"]
[Round "9.6"]
[White "Zeman, Matyas"]
[Black "Zima, Jan"]
[Result "1-0"]
[WhiteElo "2262"]
[BlackElo "2134"]
[Annotator "RC"]
[PlyCount "91"]
[EventDate "2022.07.01"]
[EventType "swiss"]
[EventCountry "CZE"]
[SourceTitle "playchess.com"]
[Source "ChessBase"]
[SourceQuality "1"]

1. d4 Nf6 2. Nf3 g6 3. Nbd2 d5 4. e3 Bg7 5. b4 a5 6. b5 c5 7. bxc6 Nxc6 8. a4 O-O 9. Be2 Bf5 10. c3 Ne4 11. Nxe4 Bxe4 12. O-O e5 13. Ba3 Re8 14. Qb3 Qd7 15. Rfd1 Rab8 16. Ng5 exd4 17. Nxe4 Rxe4 18. Bf3 Ree8 19. cxd4 Red8 20. Rac1 b6 21. Bxd5 Qxd5 22. Qxd5 Rxd5 23. Rxc6 b5 24. axb5 Rdxb5 25. g3 Bf8 26. Bxf8 Kxf8 27. Ra6 R8b6 28. Rxb6 Rxb6 29. Ra1 Ra6 30. Kf1 Ke7 31. Ke2 Kd6 32. Kd3 f5 33. f3 h5 34. h4 Ra8 35. e4 fxe4+ 36. fxe4 a4 37. Ra3 Kc6 38. Kc4 Ra7 39. e5 Ra8 40. d5+ Kc7 41. Kb4 Re8 42. Re3 Ra8 43. Rf3 Rb8+ 44. Kxa4 Rb1 45. Rc3+ Kd7 46. Rc6 1-0

[Event "FIDE CB Open 2022"]
[Site "Ceske Budejovice"]
[Date "2022.07.09"]
[Round "9.7"]
[White "Panjer, Sidney"]
[Black "Maryasin, Boris"]
[Result "1/2-1/2"]
[WhiteElo "2140"]
[BlackElo "2260"]
[Annotator "RC"]
[PlyCount "65"]
[EventDate "2022.07.01"]
[EventType "swiss"]
[EventCountry "CZE"]
[SourceTitle "playchess.com"]
[Source "ChessBase"]
[SourceQuality "1"]

1. Nf3 Nf6 2. c4 g6 3. Nc3 Bg7 4. e4 O-O 5. d4 d6 6. Be2 Na6 7. O-O e5 8. Re1 exd4 9. Nxd4 Nc5 10. Bf1 Re8 11. f3 c6 12. Be3 a5 13. Qd2 Qc7 14. Rad1 b6 15. b3 Bb7 16. a3 Rad8 17. b4 axb4 18. axb4 Ne6 19. b5 Nxd4 20. Bxd4 c5 21. Bf2 Nd7 22. Nd5 Bxd5 23. Qxd5 Be5 24. g3 Nf8 25. Bh3 Ne6 26. Bxe6 fxe6 27. Qd3 g5 28. Be3 Qg7 29. Kh1 Qf6 30. Rf1 Qe7 31. f4 gxf4 32. gxf4 Bg7 33. Rg1 1/2-1/2

[Event "FIDE CB Open 2022"]
[Site "Ceske Budejovice"]
[Date "2022.07.09"]
[Round "9.8"]
[White "Johannsson, Birkir Isak"]
[Black "Librelato, Kathie Goulart"]
[Result "1-0"]
[WhiteElo "2131"]
[BlackElo "2255"]
[Annotator "RC"]
[PlyCount "171"]
[EventDate "2022.07.01"]
[EventType "swiss"]
[EventCountry "CZE"]
[SourceTitle "playchess.com"]
[Source "ChessBase"]
[SourceQuality "1"]

1. c4 e6 2. Nf3 d5 3. d4 c6 4. Nbd2 Nf6 5. g3 c5 6. Bg2 Nc6 7. O-O cxd4 8. cxd5 exd5 9. Nb3 Bd6 10. Nbxd4 O-O 11. b3 Re8 12. Bb2 Bg4 13. Rc1 Rc8 14. Qd3 Bb8 15. Rfd1 Qe7 16. Re1 Ne4 17. Nxc6 bxc6 18. Nd2 Nxd2 19. Qxd2 Bf5 20. Qc3 f6 21. e3 Bd6 22. Qd2 Bb4 23. Bc3 a5 24. Qd4 Red8 25. Bxb4 axb4 26. Red1 Be6 27. Qc5 Qb7 28. Rd4 Rb8 29. Qxc6 Qf7 30. Rcd1 Rdc8 31. Qxe6 Qxe6 32. Bxd5 Qxd5 33. Rxd5 Rc2 34. Rd8+ Rxd8 35. Rxd8+ Kf7 36. Rd4 Rxa2 37. Rxb4 Rb2 38. Rb7+ Kg6 39. Kg2 h5 40. e4 Kh6 41. h4 Kg6 42. Kf3 Kh6 43. Ke3 Kg6 44. Rb6 Kf7 45. b4 Rb3+ 46. Kf4 Rb2 47. f3 Rb3 48. g4 hxg4 49. Kxg4 Re3 50. b5 Rb3 51. Rb8 g6 52. b6 Kg7 53. b7 Kh7 54. f4 Kg7 55. f5 gxf5+ 56. Kxf5 Rb5+ 57. Kf4 Rb1 58. h5 Rf1+ 59. Kg3 Rb1 60. h6+ Kh7 61. Kg4 Rb5 62. Kf4 Rb1 63. Kf5 Rb6 64. Kg4 Rb4 65. Kf3 Rb1 66. Ke3 Rb4 67. Kd3 Rb1 68. Kc4 Rc1+ 69. Kd5 Rb1 70. Ke6 Rb6+ 71. Kf7 Rb4 72. Kxf6 Rb6+ 73. Kf7 Rb4 74. e5 Rb1 75. e6 Rf1+ 76. Ke7 Rb1 77. Kd6 Rd1+ 78. Kc5 Rc1+ 79. Kd4 Rd1+ 80. Kc3 Rc1+ 81. Kd2 Rc6 82. Rd8 Rxe6 83. b8=Q Rd6+ 84. Ke3 Re6+ 85. Kf4 Rf6+ 86. Ke5 1-0

[Event "FIDE CB Open 2022"]
[Site "Ceske Budejovice"]
[Date "2022.07.09"]
[Round "9.9"]
[White "Valantiejus, Vaidotas"]
[Black "Palchuk, Andrii"]
[Result "0-1"]
[WhiteElo "2062"]
[BlackElo "2248"]
[Annotator "RC"]
[PlyCount "64"]
[EventDate "2022.07.01"]
[EventType "swiss"]
[EventCountry "CZE"]
[SourceTitle "playchess.com"]
[Source "ChessBase"]
[SourceQuality "1"]

1. e4 c5 2. Nf3 Nc6 3. Bb5 g6 4. Bxc6 dxc6 5. d3 Qc7 6. Nc3 e5 7. Be3 Nf6 8. h3 Nh5 9. g3 Be7 10. Qd2 Ng7 11. Ne2 b6 12. O-O-O Ba6 13. Qc3 f6 14. Qb3 Qd7 15. g4 Bd6 16. Ne1 O-O-O 17. f4 h5 18. fxe5 fxe5 19. gxh5 Rxh5 20. h4 Rf8 21. Rg1 Qe8 22. Bg5 Ne6 23. Ng3 Rhh8 24. c3 Nxg5 25. hxg5 Qe7 26. Kb1 Kc7 27. Nc2 Rf3 28. c4 Bc8 29. Nf1 Rhh3 30. Ne1 Rf2 31. Rd2 Qf7 32. Rxf2 Qxf2 0-1

[Event "FIDE CB Open 2022"]
[Site "Ceske Budejovice"]
[Date "2022.07.09"]
[Round "9.10"]
[White "Kula, Dominik"]
[Black "Zilavy, Jan"]
[Result "0-1"]
[WhiteElo "2229"]
[BlackElo "2090"]
[Annotator "RC"]
[PlyCount "90"]
[EventDate "2022.07.01"]
[EventType "swiss"]
[EventCountry "CZE"]
[SourceTitle "playchess.com"]
[Source "ChessBase"]
[SourceQuality "1"]

1. d4 Nf6 2. Nf3 e6 3. Bg5 d5 4. Nbd2 h6 5. Bh4 c5 6. c3 Nc6 7. e3 Bd7 8. Bd3 Qb6 9. Rb1 cxd4 10. exd4 Bd6 11. O-O Rc8 12. Qe2 Nh5 13. Bg3 Nxg3 14. hxg3 a6 15. Rfe1 Kd8 16. b4 g5 17. b5 axb5 18. Bxb5 Qc7 19. g4 Na5 20. Bxd7 Qxd7 21. Rb5 Qc7 22. Ne5 Bxe5 23. Qxe5 Qxe5 24. dxe5 Ra8 25. Nb3 Nxb3 26. axb3 Kc7 27. Rd1 Kc6 28. Rb4 Rhd8 29. Rd3 b5 30. Rbd4 Ra1+ 31. Kh2 Re1 32. Rf3 Rd7 33. Rf6 Rxe5 34. Rxh6 Ra7 35. Kg3 Ra3 36. Rb4 Re4 37. Rxe4 dxe4 38. Rh7 Rxb3 39. Rxf7 Rxc3+ 40. f3 b4 41. Re7 Kd5 42. Kf2 exf3 43. gxf3 b3 44. Ke2 Ke5 45. Rb7 Kf4 0-1

[Event "FIDE CB Open 2022"]
[Site "Ceske Budejovice"]
[Date "2022.07.09"]
[Round "9.11"]
[White "Pirola, Claudionor Alcides L"]
[Black "Lacina, Adolf"]
[Result "1-0"]
[WhiteElo "2100"]
[BlackElo "2225"]
[Annotator "RC"]
[PlyCount "45"]
[EventDate "2022.07.01"]
[EventType "swiss"]
[EventCountry "CZE"]
[SourceTitle "playchess.com"]
[Source "ChessBase"]
[SourceQuality "1"]

1. d4 d5 2. c4 e6 3. Nc3 c6 4. e4 dxe4 5. Nxe4 Nd7 6. Nf3 Ngf6 7. Nc3 Bd6 8. c5 Bc7 9. Bc4 O-O 10. O-O e5 11. Bg5 exd4 12. Ne4 h6 13. Bh4 Re8 14. Re1 Rxe4 15. Rxe4 g5 16. Nxg5 hxg5 17. Bxg5 Qf8 18. Rh4 Qxc5 19. Qd2 Nh7 20. Rg4 Ndf6 21. Bxf6+ Bxg4 22. Qh6 Qf8 23. Qg6+ 1-0

[Event "FIDE CB Open 2022"]
[Site "Ceske Budejovice"]
[Date "2022.07.09"]
[Round "9.12"]
[White "Hiermann, Dietmar"]
[Black "Heimisson, Hilmir Freyr"]
[Result "0-1"]
[WhiteElo "2224"]
[BlackElo "2281"]
[Annotator "RC"]
[PlyCount "206"]
[EventDate "2022.07.01"]
[EventType "swiss"]
[EventCountry "CZE"]
[SourceTitle "playchess.com"]
[Source "ChessBase"]
[SourceQuality "1"]

1. e4 c5 2. Nf3 Nc6 3. d4 cxd4 4. Nxd4 Nf6 5. Nc3 d6 6. Be2 g6 7. O-O Bg7 8. Be3 O-O 9. h3 Bd7 10. Qd2 Re8 11. Rad1 Rc8 12. Nxc6 Bxc6 13. Bf3 Qa5 14. a3 Nd7 15. Bd4 Bxd4 16. Qxd4 Qb6 17. Qxb6 Nxb6 18. Be2 Rc7 19. Rd2 Rec8 20. f3 Kf8 21. Bd3 a6 22. Rff2 Nd7 23. Nd1 e6 24. c3 Ke7 25. Ne3 Ne5 26. Bf1 b5 27. Rd1 Rd8 28. Rfd2 f5 29. f4 Nf7 30. exf5 gxf5 31. Kf2 h5 32. g3 Be4 33. Be2 Rh8 34. Rd4 Rb7 35. Re1 d5 36. Bf3 Nd6 37. Be2 Kf6 38. Rd2 Rc7 39. Ra1 Nb7 40. Rg1 Nc5 41. Rdd1 Rg7 42. Nf1 Bc2 43. Rc1 Bd3 44. Re1 Bxe2 45. Rxe2 Rhg8 46. Kf3 Ne4 47. Reg2 Ke7 48. Ne3 Kd6 49. g4 hxg4+ 50. hxg4 fxg4+ 51. Nxg4 Rh7 52. Nf2 Nd2+ 53. Ke2 Rxg2 54. Rxg2 Nc4 55. Nd1 a5 56. Rg6 Rf7 57. Rg4 Rh7 58. Rg6 Ke7 59. b3 Rh2+ 60. Ke1 Nxa3 61. Rg7+ Kf6 62. Ra7 Ra2 63. Ne3 Nb1 64. Nd1 a4 65. bxa4 bxa4 66. Rb7 Na3 67. Rb8 Nc4 68. Rf8+ Kg6 69. Nf2 a3 70. Nd3 Rh2 71. Rg8+ Kf5 72. Ra8 Ke4 73. Nb4 Ke3 74. Kd1 Rh1+ 75. Kc2 Kxf4 76. Ra6 Rh2+ 77. Kd1 Kf5 78. Kc1 Rh8 79. Kc2 Rd8 80. Ra7 e5 81. Kd3 Ke6 82. Nc2 Nb2+ 83. Kd2 Rh8 84. Nxa3 Rh2+ 85. Ke3 Nd1+ 86. Kf3 Nxc3 87. Kg4 Rg2+ 88. Kf3 Rb2 89. Rc7 Nb5 90. Nxb5 Rxb5 91. Rc8 Rb6 92. Rh8 Rb3+ 93. Ke2 d4 94. Kd2 Ra3 95. Ke2 Kd5 96. Kd2 Ra2+ 97. Kd1 e4 98. Rc8 Ke5 99. Rf8 d3 100. Kc1 Rh2 101. Rd8 Kf4 102. Rd7 Ke3 103. Rd8 Rh1+ 0-1

[Event "FIDE CB Open 2022"]
[Site "Ceske Budejovice"]
[Date "2022.07.09"]
[Round "9.13"]
[White "Domalchuk-Jonasson, Aleksandr"]
[Black "Placer, Sebastian"]
[Result "1/2-1/2"]
[WhiteElo "2244"]
[BlackElo "2062"]
[Annotator "RC"]
[PlyCount "86"]
[EventDate "2022.07.01"]
[EventType "swiss"]
[EventCountry "CZE"]
[SourceTitle "playchess.com"]
[Source "ChessBase"]
[SourceQuality "1"]

1. d4 Nf6 2. c4 g6 3. h4 d6 4. Nc3 Nbd7 5. e4 e5 6. Be3 exd4 7. Bxd4 Bg7 8. h5 O-O 9. Be2 Qe7 10. Nd5 Nxd5 11. Bxg7 Kxg7 12. exd5 Ne5 13. Kf1 f5 14. Qd4 Qf6 15. Re1 Nf7 16. Nf3 Qxd4 17. Nxd4 Ng5 18. Bd3 Bd7 19. f4 Ne4 20. Bxe4 fxe4 21. Rxe4 Rae8 22. Ne6+ Bxe6 23. dxe6 Rf6 24. hxg6 hxg6 25. Kf2 Rfxe6 26. Rxe6 Rxe6 27. Kf3 Re7 28. g4 Re8 29. b3 Re7 30. Kf2 Re4 31. Kf3 Re7 32. Rh2 Re1 33. Re2 Rf1+ 34. Rf2 Re1 35. g5 Kf7 36. Rh2 Kg7 37. Kf2 Re4 38. Rh4 Kg8 39. Kf3 Re1 40. Rh2 Kg7 41. Kf2 Re4 42. Kf3 Re1 43. Kf2 Re4 1/2-1/2

[Event "FIDE CB Open 2022"]
[Site "Ceske Budejovice"]
[Date "2022.07.09"]
[Round "9.14"]
[White "Walek, Petr"]
[Black "Radovic, Stefan"]
[Result "1-0"]
[WhiteElo "2237"]
[BlackElo "2018"]
[Annotator "ChessBase"]
[PlyCount "83"]
[EventDate "2022.07.01"]
[EventType "swiss"]
[EventCountry "CZE"]
[SourceTitle "playchess.com"]
[Source "ChessBase"]
[SourceQuality "1"]

1. e4 c5 2. Nf3 Nc6 3. Nc3 g6 4. d4 cxd4 5. Nxd4 Bg7 6. Be3 Nf6 7. Bc4 O-O 8. Bb3 d6 9. f3 Bd7 10. Qd2 Nxd4 11. Bxd4 b5 12. a4 b4 13. Nd5 Nxd5 14. exd5 Bxd4 15. Qxd4 Qa5 16. g4 Rac8 17. h4 e5 18. Qe3 e4 19. h5 exf3 20. O-O-O Bxa4 21. hxg6 Bxb3 22. gxh7+ Kh8 23. Qxb3 Qa1+ 24. Kd2 Qa5 25. Qxf3 b3+ 26. c3 f6 27. Ra1 Qc7 28. Rh5 Qg7 29. Re1 Rc4 30. Re4 Rfc8 31. Qf5 R4c7 32. Rh2 Rf8 33. Kd3 Re7 34. Rhe2 Rxe4 35. Qxe4 Qb7 36. c4 Qg7 37. Qe7 Qg6+ 38. Qe4 Qg7 39. Qe7 Qg6+ 40. Kc3 Rb8 41. Qxd6 Re8 42. Rxe8+ 1-0

[Event "FIDE CB Open 2022"]
[Site "Ceske Budejovice"]
[Date "2022.07.09"]
[Round "9.15"]
[White "Sadek, Vojtech"]
[Black "Simek, Petr"]
[Result "1/2-1/2"]
[WhiteElo "1973"]
[BlackElo "2348"]
[Annotator "RC"]
[PlyCount "121"]
[EventDate "2022.07.01"]
[EventType "swiss"]
[EventCountry "CZE"]
[SourceTitle "playchess.com"]
[Source "ChessBase"]
[SourceQuality "1"]

1. e4 c6 2. d4 d5 3. f3 Qb6 4. Nc3 dxe4 5. fxe4 e5 6. Nf3 exd4 7. Qxd4 Qxd4 8. Nxd4 Bc5 9. Nb3 Bb6 10. Bf4 Bg4 11. Na4 Nd7 12. Nxb6 axb6 13. a4 Ngf6 14. Bd3 O-O 15. O-O Rfe8 16. Rfe1 Bh5 17. Bd6 Bg6 18. Nd2 Nc5 19. Bxc5 bxc5 20. h3 Nd7 21. Nc4 Ne5 22. Nxe5 Rxe5 23. Re2 Kf8 24. Kf2 Ke7 25. Ree1 Kd6 26. Kf3 Kc7 27. b3 f6 28. c3 Rae8 29. g4 h5 30. Rad1 Bf7 31. Bc2 Be6 32. Rg1 hxg4+ 33. hxg4 Rg5 34. Rg3 Rh8 35. Rdg1 Kd6 36. Kf4 Rh4 37. Rd3+ Ke7 38. Rdg3 Bc8 39. Bd3 Kf7 40. Bc4+ Kg6 41. Be2 Re5 42. Bc4 Rg5 43. Be2 Kf7 44. Bc4+ Ke7 45. R3g2 Re5 46. Rg3 Bd7 47. R3g2 Reh5 48. Be2 g5+ 49. Ke3 Rh8 50. Bf3 Rh3 51. b4 cxb4 52. cxb4 c5 53. bxc5 Bxa4 54. Rg3 Rxg3 55. Rxg3 Bc6 56. e5 Ra8 57. Bxc6 Ra3+ 58. Kf2 Rxg3 59. Kxg3 bxc6 60. Kf3 fxe5 61. Ke3 1/2-1/2

[Event "FIDE CB Open 2022"]
[Site "Ceske Budejovice"]
[Date "2022.07.09"]
[Round "9.16"]
[White "Blumel, Otto"]
[Black "Matras, Ondrej"]
[Result "1/2-1/2"]
[WhiteElo "1855"]
[BlackElo "2229"]
[Annotator "RC"]
[PlyCount "77"]
[EventDate "2022.07.01"]
[EventType "swiss"]
[EventCountry "CZE"]
[SourceTitle "playchess.com"]
[Source "ChessBase"]
[SourceQuality "1"]

1. d4 Nf6 2. Nc3 d5 3. Bg5 Ne4 4. Nxe4 dxe4 5. Qd2 Qd5 6. Bf4 c5 7. dxc5 Qxc5 8. Be3 Qc7 9. f3 Bf5 10. g4 Bd7 11. fxe4 Nc6 12. O-O-O O-O-O 13. Qc3 e5 14. g5 Bb4 15. Qc4 Be6 16. Rxd8+ Rxd8 17. Bh3 Bxh3 18. Nxh3 Qd7 19. Nf2 Bd2+ 20. Bxd2 Qxd2+ 21. Kb1 Qxg5 22. Nd3 Qg2 23. Rc1 Qxe2 24. Qxf7 Qxe4 25. Nc5 Qb4 26. Qe6+ Kc7 27. Qf7+ Kb8 28. Ne6 Rc8 29. Qxg7 Qd6 30. Qf7 Nb4 31. Qf5 Qd5 32. c4 Qd3+ 33. Qxd3 Nxd3 34. Rc3 Nf2 35. b3 Re8 36. Rf3 Rxe6 37. Rxf2 Re7 38. Kc2 Kc7 39. Kd3 1/2-1/2

[Event "FIDE CB Open 2022"]
[Site "Ceske Budejovice"]
[Date "2022.07.09"]
[Round "9.17"]
[White "Abdulla, Khayala"]
[Black "Prazak, Daniel"]
[Result "1/2-1/2"]
[WhiteElo "2207"]
[BlackElo "2113"]
[Annotator "RC"]
[PlyCount "64"]
[EventDate "2022.07.01"]
[EventType "swiss"]
[EventCountry "CZE"]
[SourceTitle "playchess.com"]
[Source "ChessBase"]
[SourceQuality "1"]

1. e4 e6 2. d4 d5 3. Nd2 c5 4. exd5 exd5 5. Ngf3 a6 6. c3 Nf6 7. Bd3 Be7 8. dxc5 Bxc5 9. O-O O-O 10. Nb3 Bb6 11. Bf4 Nc6 12. h3 Ne4 13. Qc2 Re8 14. Rae1 Qf6 15. Be3 Bc7 16. Nbd2 Bf5 17. Nd4 Nxd4 18. cxd4 Rac8 19. Qb3 Nxd2 20. Bxd2 Qd6 21. f4 Bxd3 22. Qxd3 Bb6 23. Kh1 Qf6 24. Re5 Red8 25. Rfe1 Bc7 26. Re7 Bxf4 27. Bxf4 Qxf4 28. Rxb7 Re8 29. Rd1 Rc1 30. Rxc1 Qxc1+ 31. Kh2 Qf4+ 32. Qg3 Qxd4 1/2-1/2

[Event "FIDE CB Open 2022"]
[Site "Ceske Budejovice"]
[Date "2022.07.09"]
[Round "9.18"]
[White "Borkovec, Milan"]
[Black "Lang, Simon"]
[Result "1-0"]
[WhiteElo "2188"]
[BlackElo "1942"]
[Annotator "RC"]
[PlyCount "77"]
[EventDate "2022.07.01"]
[EventType "swiss"]
[EventCountry "CZE"]
[SourceTitle "playchess.com"]
[Source "ChessBase"]
[SourceQuality "1"]

1. e4 e6 2. d4 d5 3. e5 c5 4. c3 Nc6 5. Nf3 Bd7 6. Be2 cxd4 7. cxd4 Nge7 8. O-O Nf5 9. Nc3 Be7 10. Bd3 Nfxd4 11. Nxd4 Nxd4 12. Qg4 Nc6 13. Qxg7 Rf8 14. Bh6 Qa5 15. Qg3 Rh8 16. a3 O-O-O 17. b4 Qc7 18. Rac1 Rhg8 19. Qf4 Kb8 20. Rfe1 f5 21. exf6 e5 22. fxe7 exf4 23. exd8=Q+ Qxd8 24. Bxf4+ Ka8 25. Nxd5 Qh4 26. Bg3 Qh6 27. Be4 Nd4 28. Bf4 Qh4 29. Nc7+ Kb8 30. Ne6+ Ka8 31. Bg3 Ne2+ 32. Rxe2 Qh6 33. Nc7+ Kb8 34. Ree1 Rc8 35. Nb5+ Ka8 36. Rxc8+ Bxc8 37. Nd6 Qd2 38. f3 Qc3 39. Bxb7+ 1-0

[Event "FIDE CB Open 2022"]
[Site "Ceske Budejovice"]
[Date "2022.07.09"]
[Round "9.19"]
[White "Mai, Alexander Oliver"]
[Black "Puncochar, Jiri"]
[Result "0-1"]
[WhiteElo "2159"]
[BlackElo "2020"]
[Annotator "RC"]
[PlyCount "150"]
[EventDate "2022.07.01"]
[EventType "swiss"]
[EventCountry "CZE"]
[SourceTitle "playchess.com"]
[Source "ChessBase"]
[SourceQuality "1"]

1. e4 e5 2. Nf3 Nc6 3. Nc3 g6 4. d4 exd4 5. Nxd4 Bg7 6. Be3 d6 7. Bc4 Nf6 8. f3 O-O 9. Qd2 Bd7 10. Nxc6 bxc6 11. O-O-O Re8 12. Bb3 a5 13. g4 Be6 14. Ba4 Bd7 15. Bg5 Qb8 16. Qf4 Re6 17. Bb3 Ne8 18. Bxe6 Bxe6 19. Qe3 Bxa2 20. f4 a4 21. e5 Be6 22. Rhg1 a3 23. bxa3 Rxa3 24. Kd2 h6 25. Rb1 Qa8 26. Bh4 dxe5 27. fxe5 Nd6 28. Rb4 Nc4+ 29. Rxc4 Bxc4 30. Rb1 Qa5 31. Be7 Rxc3 32. Qxc3 Qd5+ 33. Kc1 Bxe5 34. Qd2 Qe4 35. Qb4 Qe3+ 36. Qd2 Qg1+ 37. Qd1 Qxh2 38. Rb8+ Kh7 39. Kb1 Qf2 40. Ba3 Bd5 41. Bb2 Qa7 42. Bxe5 Qxb8+ 43. Bb2 Qb4 44. Qg1 Qe4 45. Qg3 g5 46. Bc3 Kg6 47. Kb2 Be6 48. Qxc7 Bxg4 49. Qd8 Qe6 50. Qd4 Bf5 51. Qh8 g4 52. Be5 Kg5 53. Qb8 Qc4 54. Qg8+ Bg6 55. Qd8+ Kh5 56. Bc3 Qd5 57. Qc7 Qg2 58. Qe5+ Kh4 59. Be1+ Kh3 60. Qe3+ Qf3 61. Qxh6+ Kg2 62. Qd2+ Kf1 63. Bh4 g3 64. Qc1+ Kg2 65. Be7 Qe2 66. Qg5 Qxc2+ 67. Ka3 Qc3+ 68. Ka2 Qc4+ 69. Ka3 Qa6+ 70. Kb4 Qb5+ 71. Qxb5 cxb5 72. Kxb5 Kf1 73. Bc5 g2 74. Kc4 g1=Q 75. Bxg1 Kxg1 0-1